000
00245nam a22001097a 4500
082
_a
668.4 ADA'P
100
_a
ADAMS, JOHN V
_9
78331
245
_a
PLASTIC ARTS CRAFTS
260
_a
NEWYORK
_b
D. VAN NOSTRAND
_c
1948
300
_a
147P
942
_c
BK
999
_c
583472
_d
583472